000
00378nam a2200145Ia 4500
008
230718s9999 xx 000 0 und d
041
_a
Eng.
082
_a
3941
_b
ملک-ک
100
_a
ملک ، ارشاد احمد ارشاد
245
0
_a
کھانوں مزارین
260
_a
Pakistan
_b
مصوررکھاوس لا
_c
2002
300
_a
189
650
_a
Law
999
_c
29219
_d
29219